Ciekawostki o krajach Europy - Statystyki

Ogólne statystyki
  • Ten quiz został rozwiązany 50 razy
  • Średni wynik to 10 z 13
Statystyki odpowiedzi
Hint Odpowiedź % Poprawnych
Organizuje się tu największy festiwal piwa na świecie Niemcy
97%
Drugie najmniejsze państwo zaraz po Watykanie Monako
87%
Znajduje się tu najdłuższa linia kolejowa na świecie Rosja
85%
Ojczyzna nagrody Nobla Szwecja
85%
Ma więcej rowerów niż mieszkańców, około 22 miliony rowerów na 17 milionów ludzi. Holandia
82%
Ma cztery języki urzędowe Szwajcaria
77%
W tym państwie nie ma armii, w przypadku zagrożenia wojennego kraj ten polega na współpracy z NATO. Islandia
72%
Hymn tego państwa nie ma słów Hiszpania
69%
Największe spożycie piwa na mieszkańca na świecie Czechy
67%
Jedno z miast jest położone na 44 wyspach Polska
67%
Najniżej położona stacja metra na świecie, która znajduje się 105 metrów pod ziemią. Ukraina
62%
W tym kraju znajduje się najstarszy działający park rozrywki na świecie, założony w 1583 roku. Dania
56%
Organizowane są tu mistrzostwa świata w noszeniu żony Finlandia
51%
Nie znaleziono quizów pasujących do podanych kryteriów
Rozkład punktacji
Procent ludzi z każdym wynikiem
Percentyl według liczby udzielonych odpowiedzi
Twoja historia wyników
Nie rozwiązałeś tego quizu